| 000 | 00643nam a2200181Ia 4500 | ||
|---|---|---|---|
| 003 | GCL | ||
| 008 | 140319s9999 xx 000 0 ara d | ||
| 040 |
_aGCL / _cGCL |
||
| 082 | 0 | 4 |
_a239.1 _bع ز |
| 100 | 1 | _aعبدالسلام العشرى | |
| 245 | 1 | 0 |
_aالزباء بنت عمرو / _cعبدالسلام العشرى |
| 260 |
_aالقاهرة : _bنهضة مصر للطباعة والنشر والتوزيع |
||
| 300 |
_a138 ص ؛ _c19 سم |
||
| 490 |
_aنساء شهيرات _v0 |
||
| 650 | 0 | 4 | _aالصحابة والتابعون - تراجم |
| 650 | 0 | 4 | _aالسيرة النبوية - تراجم الصحابة |
| 942 |
_2ddc _cBK |
||
| 999 |
_c43321 _d43321 |
||